Graves violaciones a los derechos humanos e infracciones al derecho internacional humanitario : (Registro nro. 30869)
[ vista simple ]
| 000 -LEADER | |
|---|---|
| fixed length control field | 00967nam a22002537a 4500 |
| 003 - CONTROL NUMBER IDENTIFIER | |
| control field | OSt |
| 005 - DATE AND TIME OF LATEST TRANSACTION | |
| control field | 20241127110019.0 |
| 008 - FIXED-LENGTH DATA ELEMENTS--GENERAL INFORMATION | |
| fixed length control field | 241121b |||||||| |||| 00| 0 spa d |
| 020 ## - INTERNATIONAL STANDARD BOOK NUMBER | |
| International Standard Book Number | 9789588857503 |
| 037 ## - SOURCE OF ACQUISITION | |
| Source of stock number/acquisition | Donación |
| 040 ## - CATALOGING SOURCE | |
| Original cataloging agency | CO-JMCR |
| Language of cataloging | spa |
| Transcribing agency | CO-JMCR |
| Description conventions | rda |
| Modifying agency | CO-JMCR |
| 041 0# - LANGUAGE CODE | |
| Language code of text/sound track or separate title | spa |
| 082 04 - DEWEY DECIMAL CLASSIFICATION NUMBER | |
| Classification number | 323.4 |
| Item number | C65g |
| Edition number | 23 |
| 110 1# - MAIN ENTRY--CORPORATE NAME | |
| Corporate name or jurisdiction name as entry element | Colombia. |
| Subordinate unit | Consejo de Estado. |
| 9 (RLIN) | 43894 |
| 245 10 - TITLE STATEMENT | |
| Title | Graves violaciones a los derechos humanos e infracciones al derecho internacional humanitario : |
| Remainder of title | jurisprudencias básica del Consejo de Estado desde 1916 / |
| Statement of responsibility, etc. | Consejo de Estado. |
| 250 ## - EDITION STATEMENT | |
| Edition statement | Primera edición 2016, tercera reimpresión 2017. |
| 264 ## - PRODUCTION, PUBLICATION, DISTRIBUTION, MANUFACTURE, AND COPYRIGHT NOTICE | |
| Place of production, publication, distribution, manufacture | Bogotá : |
| Name of producer, publisher, distributor, manufacturer | República de Colombia : |
| -- | Consejo de Estado, |
| Date of production, publication, distribution, manufacture, or copyright notice | 2017. |
| 300 ## - PHYSICAL DESCRIPTION | |
| Extent | 525 páginas ; |
| Dimensions | 23 cm. |
| Accompanying material | 1 USB. |
| 500 ## - GENERAL NOTE | |
| General note | Incluye índice Geográfico. |
| 500 ## - GENERAL NOTE | |
| General note | Incluye índice temático. |
| 500 ## - GENERAL NOTE | |
| General note | Incluye índice de casos. |
| 504 ## - BIBLIOGRAPHY, ETC. NOTE | |
| Bibliography, etc. note | Incluye bibliografía (página 509). |
| 942 ## - ADDED ENTRY ELEMENTS (KOHA) | |
| Source of classification or shelving scheme | Dewey Decimal Classification |
| Koha item type | Books |
| Withdrawn status | Lost status | Source of classification or shelving scheme | Damaged status | Not for loan | Collection code | Home library | Current library | Shelving location | Date acquired | Source of acquisition | Total Checkouts | Full call number | Barcode | Date last seen | Copy number | Price effective from | Koha item type |
|---|---|---|---|---|---|---|---|---|---|---|---|---|---|---|---|---|---|
| Dewey Decimal Classification | Non-fiction | Biblioteca Pública José María del Castillo y Rada | Biblioteca Pública José María del Castillo y Rada | Book Cart | 06/14/2023 | Donación | 323.4 C65g | 201812440 | 11/21/2024 | Ej.1 | 11/21/2024 | Books | |||||
| Dewey Decimal Classification | Non-fiction | Biblioteca Pública José María del Castillo y Rada | Biblioteca Pública José María del Castillo y Rada | Book Cart | 04/15/2018 | Donación | 323.4 C65g | 201808803 | 07/29/2025 | Ej.2 | 07/29/2025 | Books |